000 00297nam a2200121Ia 4500
005 20260328101520.0
008 260328s9999||||xx |||||||||||||| ||und||
100 _aPairault, S.
245 0 _aParis :
_b Visto por los Pintores /
_cS. Pairault
260 _bLarousse
650 _aPINTURA
942 _cBK
999 _c9556
_d9556